000 01043nam a2200289 i 4500
001 184227
003 ES-MaACL
005 20230906222121.0
008 150522s1973 sp ao e |||| |dspa d
020 _a84-7017-387-1
080 _a75:069(421 L.)Nat. Gallery
245 0 0 _aGalería Nacional
_b: Londres /
_c[presentación de Michael Levey ; textos de Gigetta dalli Rogeli ... [et al.] ; traducción de Diorki].
246 3 4 _aEnciclopedia de los museos
260 _aBarcelona :
_bArgos,
_c[1973]
300 _a172 p. :
_bil. col., fot. ;
_c29cm.
490 1 _aEnciclopedia de los museos ;
_v7
500 _aÍndices.
504 _aBibliografía: p. 168.
610 2 7 _aNational Gallery (Londres)
_95970
700 1 _aDalli Regoli, Gigetta.
_9156879
700 1 _aLevey, Michael.
_9156884
710 2 _aDiorki.
_93392
830 0 _aEnciclopedia de los museos ;
_v7
_9192084
852 _aES-MaACL
_jE-15637
_z- enc. guaflex
852 _aES-MaACL
_jL-30412
_z- enc. guaflex
_z. - Donat. Miguel A. Velasco
999 _c184227
_d184227